[Event "San Jose Banco Central op"]
[Site "San Jose"]
[Date "2019.10.29"]
[Round "1"]
[White "Brizuela Benavides, Jorge"]
[Black "Rivera Soto, Danny"]
[Result "1-0"]
[WhiteElo "1706"]
[BlackElo "1834"]
[PlyCount "65"]
[EventDate "2019.10.29"]
[EventType "swiss"]
[EventRounds "7"]
[EventCountry "CRI"]
[SourceTitle "EXT 2021"]
[Source "ChessBase"]
[SourceDate "2020.10.23"]
[SourceVersion "1"]
[SourceVersionDate "2020.10.23"]
[SourceQuality "1"]

1. d4 Nf6 2. c4 e6 3. Nf3 c5 4. d5 exd5 5. cxd5 d6 6. e4 Be7 7. Nc3 0-0 8. h3 Re8 9. Bd3 a6 10. a4 Nbd7 11. 0-0 Nf8 12. Nd2 Bd7 13. Nc4 b5 14. axb5 axb5 15. Rxa8 Qxa8 16. Nb6 Qa5 17. Nxd7 N8xd7 18. Bxb5 Rb8 19. Qa4 Qc7 20. Re1 Nb6 21. Qc2 Nfd7 22. Bxd7 Nxd7 23. Nd1 Bf6 24. Ne3 Qa5 25. Bd2 Qa2 26. Nc4 Ne5 27. Nxd6 Rxb2 28. Qxc5 g6 29. Qc8+ Kg7 30. Ne8+ Kf8 31. Nxf6+ Kg7 32. Ne8+ Kg8 33. Bh6 1-0

[Event "San Jose Santa Barbara qual"]
[Site "San Jose"]
[Date "2016.04.28"]
[Round "2.7"]
[White "Thames Montero, Jorge"]
[Black "Brizuela Benavides, Jorge"]
[Result "0-1"]
[WhiteElo "1668"]
[BlackElo "1732"]
[PlyCount "76"]
[EventDate "2016.04.21"]
[EventType "swiss"]
[EventRounds "7"]
[EventCountry "CRI"]
[SourceTitle "EXT 2024"]
[Source "ChessBase"]
[SourceDate "2023.10.10"]
[SourceVersion "1"]
[SourceVersionDate "2023.10.10"]
[SourceQuality "1"]

1. f4 d5 2. Nf3 g6 3. e3 Bg7 4. d4 Nf6 5. Bd3 0-0 6. 0-0 Nbd7 7. c3 c5 8. b3 b6 9. Ba3 Bb7 10. Nbd2 Ne4 11. Bxe4 dxe4 12. Ne5 Rc8 13. Rc1 Nxe5 14. fxe5 f6 15. exf6 exf6 16. Qe2 Kh8 17. Rfd1 Qe8 18. Nf1 Qe6 19. dxc5 bxc5 20. Qb5 Ba6 21. Qd7 Qb6 22. Bb2 Rfd8 23. Qg4 f5 24. Qf4 Rxd1 25. Rxd1 Bd3 26. g4 Rf8 27. Ng3 fxg4 28. Qxg4 Qc6 29. Rd2 Bh6 30. c4+ Kg8 31. Rxd3 exd3 32. e4 d2 33. Nf5 Rxf5 34. exf5 Qd7 35. Qd1 Be3+ 36. Kg2 Qxf5 37. Ba3 Qf2+ 38. Kh3 Bf4 0-1